| 000 | 00690cam a2200229 a 4500 | ||
|---|---|---|---|
| 008 | |||
| 020 | _a1420051245 (pbk.) | ||
| 049 | _aMAIN | ||
| 090 |
_aTP358 _bMOU |
||
| 100 | 1 | _aMousdale, David M. | |
| 245 | 1 | 0 |
_aBiofuels : _bbiotechnology, chemistry, and sustainable development / _cDavid M. Mousdale. |
| 260 |
_aLondon : _bFacts On File, _cc2008. |
||
| 300 |
_axix, 404 p. : _bill. ; _c25 cm. |
||
| 500 | _aIncludes index. | ||
| 504 | _aIncludes bibliographical references. | ||
| 650 | 0 | _aBiomass energy. | |
| 907 |
_a.b10283328 _b12-10-10 _c16-09-10 |
||
| 003 | |||
| 005 | 20230123125044.0 | ||
| 040 | _cNUST | ||
| 942 |
_cBOOKS _kTP358 _mMOU |
||
| 999 |
_c134934 _d134934 |
||